| 000 | 00480nam a22001577a 4500 | ||
|---|---|---|---|
| 008 | 230217b |||||||| |||| 00| 0 eng d | ||
| 020 | _a978-93-5465-902-7 | ||
| 082 |
_210th ed _a618.2 |
||
| 100 | _aHiralal Konar | ||
| 245 |
_aDC Dutta's Textbook of Obstetrics: _bIncluding Perinatology and Contraception _cHiralal Konar |
||
| 250 | _a10th ed | ||
| 260 |
_aNew Delhi _bJaypee Brothers Medical Publishers _c2023 |
||
| 300 |
_a659 p. _c26.8 cm |
||
| 942 | _2ddc | ||
| 999 |
_c9299 _d9300 |
||